000 002970000a22001330004500
003 MACL
040 _aMACL
090 _c33330
_d33328
100 _aBP B Publications
245 _aXHTML complete
260 _bBP B Publications
_c2002
650 _aComputer probraming
942 _cBOOK
_k005.133/Bpb
999 _c32980
_d32980